000 00925nam a2200265Ia 4500
003 OSt
005 20220923211302.0
006 a|||||r|||| 00| 0
007 ta
008 220922b |||||||| |||| 00| 0 hin d
020 _a9788179171356 (hbk)
_c475
024 _a285,340
037 _b25, 02/02/2015, P. K. Books
_cTextual
040 _aARTS
_cARTS
_bhin
041 _2hin
_ahin
082 _aW:511, 152Q3
100 _aमिश्र, गिरीश
_9156290
245 0 _aनवउदासवाद
_b विभिन्न आयाम
246 _aNavaudāsavāda: vibhinna āyāma
260 _aनई दिल्ली
_b ग्रंथ शिल्पी
_c2013
300 _a236पृ.
_ccm.
650 _aभारतीय राजनीति
_9156264
942 _hW:511, 152Q3
_cTEXL
_2CC
999 _c298132
_d298132